000 00700nam a2200277Ia 4500
005 20250425161840.0
008 250425s9999 xx 000 0 und d
020 _a842340708X
041 _aspa
043 _asp
082 _a657.42
100 _aHARRIS, ELIZABETH
245 0 _aCOSTES MARGINALES Y ANALISIS DE DESVIACIONES
250 _aS.E.
260 _aBILBAO
260 _aEspaña
_bEDICIONES DEUSTO,S.A.
_c1950
300 _a158
500 _aTítulo Traducido: MARGINAL COSTING Y VARIANCE
650 _aANALISIS (GENERAL)
650 _aCALCULO
650 _aCOSTES
650 _aTOMA DE DECISIONES
710 _aEDICIONES DEUSTO S.A.
942 _c01
010 _a32241
999 _c217377
_d217377